| 000 | 00504cam a2200193ua 4500 | ||
|---|---|---|---|
| 001 | 721 | ||
| 005 | 20260515113221.0 | ||
| 008 | 110413n ii |||gr||||Z||||||eng | ||
| 040 | _cMAIN | ||
| 082 | _a320.5315 | ||
| 245 |
_aIntroduction to democratic theory. _cBy Henry B. Mayo. |
||
| 250 | _a1st. | ||
| 260 |
_aDelhi.: _bSterling publishers.,967. |
||
| 300 |
_a316 p.: _c20 cm. |
||
| 653 | _aPolitical science. | ||
| 653 | _aIntroduction to democratic theory. | ||
| 700 | 1 | _aMayo, Henry B., | |
| 942 | _cBK | ||
| 999 |
_c648 _d648 |
||